|
|
|
|
| LEADER |
01931nam a2200505 a 4500 |
| 001 |
nkc20122388985 |
| 003 |
CZ PrNK |
| 005 |
20140210125437.0 |
| 007 |
ta |
| 008 |
120731s2011 xr a e 000 0 cze |
| 015 |
|
|
|a cnb002388985
|
| 020 |
|
|
|a 978-80-7417-048-5
|q (brož.)
|
| 035 |
|
|
|a (OCoLC)815382217
|
| 040 |
|
|
|a OLA001
|b cze
|d ABA001
|
| 041 |
0 |
|
|a cze
|b eng
|
| 043 |
|
|
|a e-xr---
|b e-xr-cc
|a e-pl---
|2 czenas
|
| 072 |
|
7 |
|a 630
|x Lesnictví
|2 Konspekt
|9 24
|
| 080 |
|
|
|a 581.526.426
|2 MRF
|
| 080 |
|
|
|a 581.526.425/.426
|2 MRF
|
| 080 |
|
|
|a 630.2
|2 MRF
|
| 080 |
|
|
|a (437.31-17)
|2 MRF
|
| 080 |
|
|
|a (083.744)
|2 MRF
|
| 245 |
0 |
0 |
|a Vnášení listnaté příměsi a jedle do jehličnatých porostů Jizerských hor :
|b certifikovaná metodika /
|c Ivan Kuneš ... [et al.]
|
| 260 |
|
|
|a Strnady :
|b Výzkumný ústav lesního hospodářství a myslivosti,
|c 2011
|
| 300 |
|
|
|a 50 s. :
|b il. (převážně barev.) ;
|c 21 cm
|
| 490 |
1 |
|
|a Lesnický průvodce,
|x 0862-7657 ;
|v 9/2011
|
| 504 |
|
|
|a Obsahuje bibliografii a bibliografické odkazy
|
| 546 |
|
|
|a Anglické resumé
|
| 650 |
0 |
7 |
|a jehličnaté lesy
|7 ph162481
|z Česko
|2 czenas
|
| 650 |
0 |
7 |
|a smíšené lesy
|7 ph184856
|z Česko
|2 czenas
|
| 650 |
0 |
7 |
|a pěstování lesa
|7 ph124859
|z Česko
|2 czenas
|
| 650 |
0 |
9 |
|a coniferous forests
|z Czechia
|2 eczenas
|
| 650 |
0 |
9 |
|a mixed forests
|z Czechia
|2 eczenas
|
| 650 |
0 |
9 |
|a forest cultivation
|z Czechia
|2 eczenas
|
| 655 |
|
7 |
|a certifikované metodiky
|7 fd806827
|2 czenas
|
| 655 |
|
9 |
|a certified methodology
|2 eczenas
|
| 651 |
|
7 |
|a Jizerské hory (Česko a Polsko)
|7 ge134250
|2 czenas
|
| 651 |
|
9 |
|a Jizerské hory Mountains (Czechia and Poland)
|2 eczenas
|
| 700 |
1 |
|
|a Kuneš, Ivan
|7 xx0057916
|4 aut
|
| 830 |
|
0 |
|a Lesnický průvodce
|0 s
|
| 910 |
2 |
|
|a BOA001
|b 2-1286.550
|
| 990 |
|
|
|a BK
|
| 995 |
|
|
|a 01
|
| 991 |
|
|
|b 201209
|c NOV
|e n
|
| 996 |
6 |
|
|b 2610519847
|c 2-1286.550
|l MZK
|r Sklad / do 1 hodiny
|n 0
|p p.v.
|w 001276042
|u 000010
|a 1
|e BOA001
|j MZK50
|s P
|